00528nam a22001817a 450000500170000000800410001702000180005804000210007604100080009708200130010510000260011824500920014425000120023626000330024830000100028165000240029170000310031520260401104903.0260401b |||||||| |||| 00| 0 eng d a9789358498189 aIN-DiNCcIN-DiNC dasm a320bDUT aDutta, Mriduleauthor aPrashasan:bbikhay aru pratyahbansamuh (Minor6)/cby Mridul Dutta and Dikhita Borbaruah a1st ed. aDibrugarh:bBanalata,c2025. a266p. aGovernance (Minor6) aBezbaruah, Dikhitaeauthor